[Event "London Classic Open 2018"]
[Site "London ENG"]
[Date "2018.12.14"]
[Round "6.85"]
[White "Kalkowski, Igor"]
[Black "Kromhout, Ewan"]
[Result "0-1"]
[WhiteElo "1716"]
[BlackElo "2019"]
[WhiteFideId "21833966"]
[BlackFideId "14300206"]
[EventDate "2018.12.09"]

1. e4 c5 2. Nf3 e6 3. g3 Nc6 4. Bg2 d6 5. Qe2 Qc7 6. c3 Bd7 7. O-O Rc8 8. Na3 a6
9. d4 Nd8 10. Bf4 c4 11. h4 h5 12. Rad1 Nh6 13. Bh3 b5 14. d5 e5 15. Bxd7+ Qxd7
16. Bxe5 dxe5 17. Nxe5 Qc7 18. Qxh5 Bd6 19. f4 O-O 20. Kg2 Nb7 21. Nc6 Rce8 22.
e5 Bxa3 23. bxa3 Nc5 24. Qf3 Nd3 25. d6 Qd7 26. Ne7+ Rxe7 27. dxe7 Qxe7 28. Rxd3
cxd3 29. Qxd3 Rd8 30. Qc2 Ng4 31. Rf3 Qb7 32. Qe2 Qd5 33. Kh3 Nh6 34. f5 Re8 35.
e6 Nxf5 36. exf7+ Qxf7 37. Qf2 Qe6 38. g4 Nd6 39. h5 Nc4 40. Qd4 Nd6 41. Rd3 Nf7
42. Qf4 Qe7 43. Kg3 Qe1+ 44. Qf2 Qe4 45. Qd4 Qe1+ 46. Qf2 Qe5+ 47. Qf4 Qc5 48.
Qd4 Qc6 49. Qf4 Re4 50. Qf5 Re5 51. Rd8+ Nxd8 52. Qxe5 Nf7 53. Qe3 Qd6+ 54. Kh3
Qd5 55. Kh4 Ne5 56. Kg3 Qd6 57. Kh4 Qe7+ 58. Kg3 Qe6 59. Kf4 Qf6+ 60. Kg3 Nf7
61. Qe8+ Kh7 62. Qe4+ Kh6 63. Qe3+ Ng5 64. Kh4 Qd8 65. Qf4 Qd5 66. Qe3 Qh1+ 67.
Kg3 Qh3+ 68. Kf4 Qxe3+ 69. Kxe3 Ne6 70. Ke4 Kg5 71. Kd5 Kxg4 72. Kxe6 Kxh5 73.
Kf5 g5 74. Ke4 Kh4 75. Kf3 Kh3 76. Kf2 g4 77. Kg1 Kg3 78. a4 Kf3 79. axb5 axb5
80. Kf1 Ke3 81. Kg2 Kd3 82. Kg3 Kxc3 83. Kxg4 Kb2 84. a3 Kxa3 85. Kf3 b4 86. Ke2
Ka2 0-1

[Event "London Classic Open 2018"]
[Site "London ENG"]
[Date "2018.12.14"]
[Round "6.86"]
[White "Millward, Kevin P"]
[Black "Lane, Ryan"]
[Result "0-1"]
[WhiteElo "2012"]
[BlackElo "1723"]
[WhiteFideId "404721"]
[BlackFideId "3227332"]
[EventDate "2018.12.09"]

1. d4 Nf6 2. Bf4 g6 3. e3 Bg7 4. Nf3 d6 5. Be2 Nc6 6. h3 O-O 7. O-O Nd7 8. c4 e5
9. Bg3 f5 10. Nc3 e4 11. Nd2 g5 12. c5 dxc5 13. Nd5 Nf6 14. Nxc7 f4 15. exf4
gxf4 16. Bxf4 Nd5 17. Bc4 Rxf4 18. Nxd5 Rf8 19. Nc7+ Kh8 20. Nxa8 Bf5 21. dxc5
Qxa8 22. Re1 Bxb2 23. Nxe4 Qe8 24. Nd6 Qg6 25. Nxf5 Qxf5 26. Qe2 Bxa1 27. Rxa1
Nd4 28. Qb2 Qf6 29. Kf1 Qe5 30. Re1 Qxc5 31. Bb3 Qb5+ 32. Kg1 Qb6 33. Qd2 Qf6
34. Qe3 Qg7 35. Bd5 Nc2 36. Qe5 Nxe1 37. Qxe1 b6 38. Qe3 Rd8 39. Bb3 Qd4 40. Qe7
Qd6 41. Qe3 Qf6 42. h4 Rf8 43. g3 a5 44. a4 Rd8 45. Bc4 Qd4 46. Qe7 Qd6 47. Qe3
Rf8 48. Bb5 Qc5 49. Qd2 Qe5 50. Kg2 Rf7 51. Qd8+ Kg7 52. Qxb6 Qd5+ 53. Kg1 Qd1+
54. Bf1 Qxa4 55. Qb2+ Rf6 56. Qb7+ Kh6 57. Qd5 Kg7 58. Bc4 Qa1+ 59. Kg2 Rf8 60.
Bd3 Qf6 61. f3 a4 62. Qe4 Qh6 63. Qe5+ Rf6 64. Be4 Qd2+ 65. Kh3 Qd6 66. Qg5+ Kh8
67. Qh5 Qd7+ 68. g4 a3 69. Qe5 Qg7 70. Qa5 Qe7 71. Qc3 Kg8 72. Bd5+ Kf8 73. g5
Qd7+ 74. Kg2 Ra6 75. Qh8+ Ke7 76. Qxh7+ Kd8 77. Qg8+ Kc7 78. Kg3 Ra4 79. Be4 a2
80. Qb3 a1=Q 81. Qb7+ Kd8 82. Qb8+ Ke7 0-1

[Event "London Classic Open 2018"]
[Site "London ENG"]
[Date "2018.12.14"]
[Round "6.87"]
[White "Bin-Suhayl, Ieysaa"]
[Black "Ozturan, Cem"]
[Result "1-0"]
[WhiteElo "2038"]
[BlackElo "1707"]
[WhiteFideId "429031"]
[BlackFideId "6323502"]
[EventDate "2018.12.09"]

1. Nf3 Nf6 2. c4 b6 3. g3 Bb7 4. Bg2 g6 5. Nc3 Bg7 6. d4 O-O 7. O-O Ne4 8. Qd3
f5 9. Ng5 Nd6 10. e4 fxe4 11. Ncxe4 Nxe4 12. Bxe4 Nc6 13. Bxg6 hxg6 14. Qxg6 Rf6
15. Qh7+ Kf8 16. d5 Nd4 17. Ne4 e6 18. Nxf6 Qxf6 19. Qh5 Nf3+ 20. Kg2 exd5 21.
Qxf3 Qxf3+ 22. Kxf3 dxc4+ 23. Kg4 Be4 24. h4 Bd4 25. Bh6+ Kf7 26. Rad1 c5 27.
Rfe1 d5 28. f3 Bd3 29. Rd2 b5 30. Be3 Re8 31. Bf2 Rg8+ 32. Kf4 Bg7 33. g4 Bf8
34. g5 Bd6+ 35. Kg4 Rf8 36. h5 Kg8 37. Bg3 Bxg3 38. Kxg3 a5 39. Re5 Rd8 40. Kg4
b4 41. g6 a4 42. Kg5 1-0

[Event "London Classic Open 2018"]
[Site "London ENG"]
[Date "2018.12.14"]
[Round "6.88"]
[White "Nelson, Omowale"]
[Black "Islam, Mohammed"]
[Result "1-0"]
[WhiteElo "1956"]
[BlackElo "1725"]
[WhiteFideId "7400209"]
[BlackFideId "10211870"]
[EventDate "2018.12.09"]

1. d4 d5 2. c4 e6 3. Nf3 Nf6 4. g3 b6 5. Bg2 Bb7 6. O-O Bd6 7. Qa4+ Nbd7 8. Ne5
c5 9. Bf4 Qc7 10. Nc3 a6 11. Nxd7 Nxd7 12. Bxd6 Qxd6 13. dxc5 bxc5 14. cxd5 e5
15. Ne4 Qb6 16. Rac1 Rc8 17. Bh3 Rc7 18. Rxc5 Kd8 19. Rxc7 Qxc7 20. Nc3 Nb6 21.
Qb3 Ke7 22. e4 Rd8 23. Na4 Nc8 24. Qb4+ Nd6 25. Nc5 Ba8 26. Nxa6 Qa7 27. Nc5 Rb8
28. Qc3 Qxa2 29. Nd3 Kf8 30. Qc7 1-0

[Event "London Classic Open 2018"]
[Site "London ENG"]
[Date "2018.12.14"]
[Round "6.89"]
[White "Cavendish, Joshua Z"]
[Black "Sentissi, Yassine"]
[Result "1-0"]
[WhiteElo "1944"]
[BlackElo "1571"]
[WhiteFideId "418005"]
[BlackFideId "9011951"]
[EventDate "2018.12.09"]

1. e4 c5 2. Nc3 a6 3. f4 b5 4. Nf3 Bb7 5. d3 e6 6. e5 d6 7. Be2 Nd7 8. O-O Qc7
9. Re1 dxe5 10. Nxe5 Nxe5 11. fxe5 Qxe5 12. Bf3 Qd4+ 13. Be3 Qd7 14. Bxb7 Qxb7
15. Ne4 Nf6 16. Bxc5 Bxc5+ 17. Nxc5 Qb6 18. d4 O-O 19. c3 Rfd8 20. Re5 Rd5 21.
Qf3 Rad8 22. Rae1 Rxe5 23. Rxe5 h6 24. Nd3 a5 25. a3 Nd5 26. Re2 b4 27. Ne5 Nf6
28. axb4 axb4 29. h3 bxc3 30. bxc3 Rc8 31. Kh2 Qb3 32. Re3 Qd5 33. Qg3 Nd7 34.
Ng4 Qg5 35. Qd6 Nf6 36. Nxf6+ Qxf6 37. Rf3 Qd8 38. Qa6 Ra8 39. Qb7 Qd6+ 40. Kg1
Ra1+ 41. Rf1 Rxf1+ 42. Kxf1 Qf4+ 43. Ke2 Qc1 44. Qa8+ Kh7 45. Qe4+ Kg8 46. Qa8+
Kh7 47. Qe4+ Kg8 48. Qd3 Kf8 49. c4 Ke7 50. c5 Qb2+ 51. Qd2 Qxd2+ 52. Kxd2 Kd7
53. Ke3 f6 54. Kf4 Kc6 55. Ke4 g6 56. g3 Kd7 57. d5 e5 58. g4 Kc7 59. h4 Kd7 60.
g5 fxg5 61. hxg5 h5 62. Kxe5 Kd8 63. d6 Ke8 64. c6 Kd8 65. Ke6 h4 66. c7+ 1-0

[Event "London Classic Open 2018"]
[Site "London ENG"]
[Date "2018.12.14"]
[Round "6.90"]
[White "Royal, Shreyas"]
[Black "Saravanan, Aadarsh"]
[Result "1-0"]
[WhiteTitle "CM"]
[WhiteElo "1930"]
[BlackElo "1709"]
[WhiteFideId "448869"]
[BlackFideId "440078"]
[EventDate "2018.12.09"]

1. d4 Nf6 2. c4 g6 3. Nc3 d5 4. cxd5 Nxd5 5. e4 Nxc3 6. bxc3 Bg7 7. Ba3 O-O 8.
Nf3 Nd7 9. Bd3 c5 10. O-O Qc7 11. Qe2 b6 12. e5 e6 13. Nd2 Bb7 14. Nc4 Rfd8 15.
Nd6 Bc6 16. Be4 Bxe4 17. Nxe4 Qc6 18. Rad1 h6 19. Bc1 Rac8 20. Nd6 Rc7 21. Bf4
cxd4 22. cxd4 Qd5 23. Qd2 g5 24. Bg3 Bf8 25. f4 Bxd6 26. exd6 Rc4 27. fxg5 Qxg5
28. Bf4 Qg6 29. Bxh6 Rc2 30. Qg5 Qxg5 31. Bxg5 Rdc8 32. Rc1 R2c4 33. Be3 R8c6
34. Rxc4 Rxc4 35. Rc1 Rxc1+ 36. Bxc1 f6 37. Kf2 Kf7 38. Ke3 Kg6 39. Ke4 f5+ 40.
Kf4 Kh5 41. d5 exd5 42. Kxf5 d4 43. Bg5 1-0

[Event "London Classic Open 2018"]
[Site "London ENG"]
[Date "2018.12.14"]
[Round "6.91"]
[White "Jekel, Wolfgang"]
[Black "Tombolis, Christopher"]
[Result "0-1"]
[WhiteElo "1723"]
[BlackElo "1898"]
[WhiteFideId "4690370"]
[BlackFideId "433691"]
[EventDate "2018.12.09"]

1. f4 e5 2. fxe5 d6 3. Nf3 dxe5 4. e4 Bg4 5. Bc4 Nd7 6. d3 Ngf6 7. Be3 c6 8.
Nbd2 b5 9. Bb3 Qc7 10. O-O Bc5 11. Qe2 Qb6 12. Bxc5 Qxc5+ 13. Kh1 O-O 14. h3 Nh5
15. Kh2 Nf4 16. Qe1 Bxf3 17. Rxf3 a5 18. a4 bxa4 19. Bxa4 Nb6 20. Bb3 a4 21. Bc4
Qb4 22. Rb1 Nxc4 23. Nxc4 Qxe1 24. Rxe1 f6 25. Ra1 Rfb8 26. Ra3 Ne6 27. Rf2 Nd4
28. Kg1 Nb5 29. Ra1 c5 30. Kf1 Ra6 31. Ke1 Rba8 32. Kd2 Nd4 33. Rff1 Rb8 34. Ra2
Ne6 35. Ke3 Nd4 36. Rc1 Kf7 37. Kd2 Ne6 38. Rf1 Ke8 39. g3 Rba8 40. Rfa1 Ng5 41.
Rh1 Nf3+ 42. Ke3 Nd4 43. Kd2 Kd7 44. Rha1 Kc6 45. b3 Nf3+ 46. Ke3 Nd4 47. bxa4
Rb8 48. c3 Ne6 49. Rb2 Rxb2 50. Nxb2 Nd8 51. Nc4 Nb7 52. d4 cxd4+ 53. cxd4 exd4+
54. Kxd4 Nc5 55. Rb1 Nxa4 56. e5 Nc5 57. exf6 gxf6 58. Rb8 Ne6+ 59. Kd3 Nc5+ 60.
Ke3 Kd5 61. Nd2 Ke6 62. Re8+ Kf7 63. Rc8 Ra3+ 64. Kf4 Ne6+ 65. Kg4 Ra4+ 66. Kh5
Ra5+ 67. Kh4 Ng5 68. Rc3 Kg6 69. Nf3 Ne4 70. Rc2 Ra4 71. g4 Ra3 72. Re2 Ng5 73.
Ng1 Ra1 74. Rg2 Rxg1 75. Ra2 Nf3# 0-1

[Event "London Classic Open 2018"]
[Site "London ENG"]
[Date "2018.12.14"]
[Round "6.92"]
[White "Newbry, Benjamin J"]
[Black "Hizarci, Bora"]
[Result "1-0"]
[WhiteElo "1875"]
[BlackElo "1453"]
[WhiteFideId "30924634"]
[BlackFideId "457698"]
[EventDate "2018.12.09"]

1. f4 d5 2. Nf3 g6 3. g3 Bg7 4. Bg2 Nh6 5. c3 O-O 6. O-O Nd7 7. d3 Nf6 8. Ne5
Nhg4 9. Na3 Nxe5 10. fxe5 Ne8 11. d4 c6 12. e4 Nc7 13. Bg5 f6 14. exf6 exf6 15.
Bf4 dxe4 16. Qb3+ Kh8 17. Bxe4 f5 18. Bg2 Ne6 19. Be3 Re8 20. Nc4 Ng5 21. Ne5
Bxe5 22. dxe5 Ne6 23. Rad1 Qc7 24. Rd6 Bd7 25. Rfd1 Rad8 26. Bxa7 f4 27. Bb6 1-0

[Event "London Classic Open 2018"]
[Site "London ENG"]
[Date "2018.12.14"]
[Round "6.93"]
[White "Liu, Cheng"]
[Black "Saidmurodov, Shahjahon"]
[Result "0-1"]
[WhiteElo "1840"]
[BlackElo "1549"]
[WhiteFideId "331059692"]
[BlackFideId "448150"]
[EventDate "2018.12.09"]

1. d4 Nf6 2. c4 e5 3. dxe5 Ng4 4. Nf3 Bc5 5. e3 Nc6 6. Be2 Ncxe5 7. Nxe5 Nxe5 8.
O-O O-O 9. a3 a5 10. b3 d6 11. Bb2 Qg5 12. Nc3 Bh3 13. Bf3 Rae8 14. Kh1 Bg4 15.
Bxg4 Nxg4 16. Qf3 Qh4 17. Qg3 Qxg3 18. hxg3 Re6 19. Nd5 c6 20. Nf4 Rh6+ 21. Kg1
Re8 22. Bc3 Rxe3 23. b4 Ba7 24. Rfe1 Rxe1+ 25. Bxe1 g5 26. Nd3 a4 27. c5 d5 28.
Bd2 Re6 29. Re1 Rxe1+ 30. Nxe1 f6 31. Nd3 Kf7 32. Kf1 Ke6 33. Ke2 Bb8 34. f4 h6
35. Nb2 Kf5 36. Nxa4 gxf4 37. gxf4 Bxf4 38. Nb6 Bxd2 39. Kxd2 Kf4 40. Nc8 Kg3
41. Nd6 Kxg2 42. Nxb7 h5 43. b5 Ne5 44. b6 h4 45. Nd8 h3 0-1

[Event "London Classic Open 2018"]
[Site "London ENG"]
[Date "2018.12.14"]
[Round "6.94"]
[White "Gilmore, Samuel"]
[Black "Kirupakaran, Vishnu"]
[Result "1-0"]
[WhiteElo "1575"]
[BlackElo "1794"]
[WhiteFideId "448354"]
[BlackFideId "443492"]
[EventDate "2018.12.09"]

1. d4 d5 2. c4 c6 3. Nf3 Nf6 4. cxd5 cxd5 5. Nc3 Nc6 6. Bf4 Bf5 7. e3 e6 8. Qb3
Bb4 9. Bb5 Bd6 10. Ne5 Bxe5 11. Bxe5 O-O 12. Bxc6 bxc6 13. O-O Ng4 14. Bg3 Qe7
15. Na4 h5 16. h3 Nh6 17. f4 h4 18. Bh2 Rfb8 19. Qc3 Qb7 20. Rf2 Bh7 21. Rc1 Rc8
22. b4 Qb5 23. Nc5 a5 24. a3 axb4 25. axb4 Nf5 26. Rb2 Nd6 27. Rb3 Ra2 28. Rb2
Rca8 29. Qb3 Rxb2 30. Qxb2 Nc4 31. Qc3 Ra3 32. Ra1 Rxa1+ 33. Qxa1 Bf5 34. Qc3
Qb8 35. e4 Bh7 36. f5 Qe8 37. fxe6 fxe6 38. e5 Qg6 39. Bf4 Qb1+ 40. Kh2 Be4 41.
Qc1 Qxc1 42. Bxc1 Bf5 43. Nb7 Kf8 44. Nd8 Ke8 45. Nxc6 Kd7 46. Na5 Nxa5 47. bxa5
Kc6 48. Bg5 Kb5 49. Bxh4 Kxa5 50. g4 Bc2 51. Be7 Kb5 52. Kg3 Kc4 53. Bc5 Kd3 54.
Kf4 Kc4 55. Kg5 Be4 56. h4 g6 57. Kf6 Kb5 58. Kxe6 Kc6 59. Kf6 Kd7 60. h5 gxh5
61. gxh5 Ke8 62. Kg7 1-0

[Event "London Classic Open 2018"]
[Site "London ENG"]
[Date "2018.12.14"]
[Round "6.96"]
[White "Vignati, Massimo"]
[Black "Spina, Simonpietro"]
[Result "0-1"]
[WhiteElo "1710"]
[BlackElo "1881"]
[WhiteFideId "851337"]
[BlackFideId "882453"]
[EventDate "2018.12.09"]

1. e4 c5 2. c3 d5 3. exd5 Qxd5 4. d4 e5 5. dxe5 Qxe5+ 6. Qe2 Qxe2+ 7. Bxe2 Bd7
8. Nf3 Nc6 9. Bf4 Nf6 10. O-O Be7 11. Ne5 Nd5 12. Bg3 Nxe5 13. Bxe5 O-O 14. Na3
Bc6 15. Bf3 a6 16. Rfe1 Rfe8 17. Rad1 Rad8 18. Nc2 Bf8 19. Bg3 Ne7 20. Bxc6 Nxc6
21. Kf1 f6 22. Ne3 Kf7 23. Bc7 Rxd1 24. Rxd1 Ke6 25. Rd5 Rc8 26. Bb6 Ne5 27. f4
Nd7 28. f5+ Ke7 29. Nc4 Rc6 30. Ba7 b5 31. Na5 Rc7 32. b4 cxb4 33. cxb4 Ke8 34.
Be3 Bxb4 35. Nb3 Rc4 36. Nd4 Nb6 0-1

[Event "London Classic Open 2018"]
[Site "London ENG"]
[Date "2018.12.14"]
[Round "6.97"]
[White "Newton, Andrew"]
[Black "Zheng, William"]
[Result "0-1"]
[WhiteElo "1948"]
[BlackElo "1649"]
[WhiteFideId "2403285"]
[BlackFideId "439037"]
[EventDate "2018.12.09"]

1. b3 d5 2. Nf3 e6 3. Bb2 Nf6 4. e3 Be7 5. c4 dxc4 6. Bxc4 b6 7. O-O Bb7 8. Nc3
Nbd7 9. d4 O-O 10. Qe2 c5 11. Rfd1 Rc8 12. e4 cxd4 13. Nxd4 Bb4 14. Ndb5 a6 15.
Nd6 Bxd6 16. Rxd6 b5 17. Bd3 Ne8 18. Rd4 e5 19. Rd5 Bxd5 20. Nxd5 Nc7 21. Ne3
Ne6 22. g3 Nd4 23. Qh5 Nf6 24. Qh3 Nf3+ 25. Kg2 Qxd3 0-1

[Event "London Classic Open 2018"]
[Site "London ENG"]
[Date "2018.12.14"]
[Round "6.98"]
[White "Megias, Eva"]
[Black "Vachtfeidl, Petr"]
[Result "0-1"]
[WhiteElo "1638"]
[BlackElo "1861"]
[WhiteFideId "465062"]
[BlackFideId "315028"]
[EventDate "2018.12.09"]

1. e4 e5 2. f4 d5 3. exd5 e4 4. Nc3 Nf6 5. Bc4 Bc5 6. h3 O-O 7. Nge2 c6 8. dxc6
Nxc6 9. Na4 Bd6 10. d3 a6 11. Nac3 b5 12. Bb3 Re8 13. Nxe4 Nxe4 14. dxe4 Qh4+
15. g3 Qe7 16. Bd5 Bb7 17. Be3 Bb4+ 18. c3 Bc5 19. Qd3 Rad8 20. Bxc5 Qxc5 21.
O-O-O Nb4 22. Qf3 Nxd5 23. exd5 Bxd5 24. Rxd5 Qxd5 25. Qxd5 Rxd5 26. Nd4 Re3 27.
g4 g6 28. Kd2 Re4 29. Rf1 f5 30. g5 b4 31. Kd3 bxc3 32. bxc3 Ra5 33. Ra1 Ra4 34.
h4 Rxf4 35. c4 Ra3+ 36. Nb3 Rf3+ 37. Ke2 Rfxb3 38. axb3 Rxa1 39. Kd2 Kf7 40. c5
Ke6 41. b4 Kd5 42. Kd3 Rh1 0-1

[Event "London Classic Open 2018"]
[Site "London ENG"]
[Date "2018.12.14"]
[Round "6.100"]
[White "Mazur, Maciej"]
[Black "Stoyanov, Boris"]
[Result "1-0"]
[WhiteElo "1772"]
[BlackElo "1594"]
[WhiteFideId "21031150"]
[BlackFideId "456462"]
[EventDate "2018.12.09"]

1. e4 c5 2. Nf3 g6 3. d4 Bg7 4. c3 cxd4 5. cxd4 d5 6. e5 a6 7. Nc3 Bg4 8. Be2 e6
9. Bg5 Ne7 10. O-O O-O 11. h3 Bxf3 12. Bxf3 Nbc6 13. Na4 Rb8 14. Rc1 f6 15. exf6
Bxf6 16. Bxf6 Rxf6 17. Nc5 Nf5 18. Nxb7 Qb6 19. Nc5 Rd8 20. Qb3 Qxb3 21. Nxb3
Ncxd4 22. Nxd4 Nxd4 23. Bd1 Rb8 24. b3 Rff8 25. Re1 Rbc8 26. Bg4 Rce8 27. b4 h5
28. Be2 Nxe2+ 29. Rxe2 Re7 30. Rc6 Kf7 31. Rxa6 Rb8 32. a3 d4 33. Rd2 e5 34. f3
Rc7 35. Kf2 Rbc8 36. Ke2 Rc2 37. b5 R2c3 38. b6 Rb3 39. a4 Rb8 40. a5 Ke6 41.
Ra7 Rb5 42. Ra2 Kd6 43. Rg7 Kc5 44. Rxg6 Kb4 45. Rg5 d3+ 46. Ke3 Rxa5 47. Rxa5
Kxa5 48. Rxe5+ Kxb6 49. Kxd3 Rg8 50. g4 hxg4 51. hxg4 Kc6 52. Ke3 Kd6 53. Re4
Rf8 54. Kf2 Kd5 55. Re1 Rf4 56. Kg3 Rf6 57. g5 Rf5 58. Kg4 Rf8 59. f4 Kd6 60. f5
Rf7 61. g6 Rf6 62. Kg5 Rf8 63. f6 Rg8 64. g7 Kd7 65. Kg6 Rc8 66. f7 Rc6+ 67. Kh7
Rc8 68. f8=Q Rxf8 69. gxf8=Q 1-0

[Event "London Classic Open 2018"]
[Site "London ENG"]
[Date "2018.12.14"]
[Round "6.101"]
[White "Haddock, Paul"]
[Black "Volovich, Julia"]
[Result "0-1"]
[WhiteElo "1558"]
[BlackElo "1772"]
[WhiteFideId "419150"]
[BlackFideId "447099"]
[EventDate "2018.12.09"]

1. e4 e6 2. d4 d5 3. e5 c5 4. c3 Nc6 5. Nf3 Qb6 6. Bd3 cxd4 7. cxd4 Bd7 8. Nc3
Nxd4 9. Nxd4 Qxd4 10. O-O Qxe5 11. Re1 Qb8 12. Nxd5 Bd6 13. Qg4 Kf8 14. Nc3 Nf6
15. Qe2 Bxh2+ 16. Kf1 Bf4 17. Bb5 Bxb5 18. Qxb5 g5 19. Qc5+ Kg7 20. g3 Bxc1 21.
Raxc1 h6 22. Qe3 a6 23. Ne4 Qe5 24. Nxf6 Qxf6 25. Rc7 Rhc8 26. Rec1 Rxc7 27.
Rxc7 b5 28. Qb6 Qf5 29. Qb7 Rd8 30. Kg2 Qd5+ 31. Qxd5 Rxd5 0-1

[Event "London Classic Open 2018"]
[Site "London ENG"]
[Date "2018.12.14"]
[Round "6.102"]
[White "Zhao, Haolin"]
[Black "Tomy, Jeff"]
[Result "1-0"]
[WhiteElo "1765"]
[BlackElo "1578"]
[WhiteFideId "428680"]
[BlackFideId "427489"]
[EventDate "2018.12.09"]

1. e4 c5 2. Nc3 Nc6 3. f4 g6 4. Nf3 Bg7 5. Bb5 Nd4 6. O-O Nxb5 7. Nxb5 d5 8.
exd5 a6 9. Nc3 Nf6 10. d4 Nxd5 11. dxc5 Nxc3 12. Qxd8+ Kxd8 13. bxc3 Bxc3 14.
Rb1 Kc7 15. Rb3 Bg7 16. Bd2 Bf5 17. Ba5+ Kc8 18. Rf2 h6 19. Rd2 Re8 20. Ne5 Bxe5
21. fxe5 f6 22. Bb6 fxe5 23. g4 e4 24. gxf5 gxf5 25. Rd5 e6 26. Rd6 e5 27. Rb1
Rg8+ 28. Kf1 1-0

[Event "London Classic Open 2018"]
[Site "London ENG"]
[Date "2018.12.14"]
[Round "6.104"]
[White "Chilton, James I"]
[Black "Buselli, Daniel"]
[Result "1-0"]
[WhiteElo "1738"]
[BlackElo "1552"]
[WhiteFideId "423009"]
[BlackFideId "515728"]
[EventDate "2018.12.09"]

1. d4 Nf6 2. c4 g6 3. Nc3 d5 4. cxd5 Nxd5 5. e4 Nxc3 6. bxc3 Bg7 7. Bc4 c5 8.
Ne2 Nc6 9. Be3 O-O 10. O-O Qc7 11. Qc1 Rd8 12. Rd1 b6 13. Bf4 Qb7 14. Bh6 Na5
15. Bd5 Nc6 16. dxc5 Bd7 17. cxb6 axb6 18. Nd4 e6 19. Bxg7 Kxg7 20. Bb3 Nxd4 21.
Rxd4 e5 22. Rd6 Qc7 23. Qd2 Be6 24. Rxd8 Rxd8 25. Bd5 Qc5 26. Rd1 f5 27. Qg5 Rd7
28. Qg3 f4 29. Qf3 Bf7 30. Bxf7 Rxd1+ 31. Qxd1 Kxf7 32. Qd5+ Ke7 33. Qxc5+ bxc5
34. Kf1 Kd7 35. Ke2 Kc6 36. a4 c4 37. g3 g5 38. gxf4 gxf4 39. Kf3 Kb6 40. Kg4
Ka5 41. Kf5 Kxa4 42. Kxe5 Kb3 43. Kd4 1-0

[Event "London Classic Open 2018"]
[Site "London ENG"]
[Date "2018.12.14"]
[Round "6.105"]
[White "Cotter, Len"]
[Black "Lie, Terje"]
[Result "1/2-1/2"]
[WhiteElo "1651"]
[BlackElo "1532"]
[WhiteFideId "431419"]
[BlackFideId "1504916"]
[EventDate "2018.12.09"]

1. e4 d6 2. d4 Nf6 3. Nc3 g6 4. f4 Bg7 5. Nf3 Bg4 6. Be2 O-O 7. Be3 Nc6 8. Qd2
a6 9. h3 Bxf3 10. Bxf3 e5 11. d5 exf4 12. Bxf4 Ne5 13. Be2 Nfd7 14. O-O-O b5 15.
a3 f5 16. Bh6 Nc5 17. Bxg7 Kxg7 18. exf5 Rxf5 19. g4 Rf2 20. Qe3 Qf6 21. Rdf1
Rf8 22. Rxf2 Qxf2 23. Qd2 Qg2 24. Qd1 Qg3 25. h4 Qf4+ 26. Kb1 Ne4 27. Nxe4 Qxe4
28. h5 g5 29. Re1 Qf4 30. Rf1 Qe3 31. Re1 Qf4 32. Rf1 Qe4 33. Re1 Qg2 34. Rg1
Qf2 35. Rf1 Qc5 36. Rxf8 Kxf8 37. Qf1+ Nf7 38. Qf5 h6 39. Bd3 a5 40. Qf3 Ke7 41.
Qf5 b4 42. axb4 axb4 43. Qe6+ Kf8 44. Bg6 Qf2 45. Qc8+ Kg7 46. Qxc7 Qf3 47. Bxf7
Qxf7 48. Qxd6 Qf1+ 49. Ka2 Qc4+ 50. Kb1 1/2-1/2

[Event "London Classic Open 2018"]
[Site "London ENG"]
[Date "2018.12.14"]
[Round "6.107"]
[White "De Paolis, Fabrizio"]
[Black "Ellis, Bryan Timothy"]
[Result "1-0"]
[WhiteElo "1754"]
[BlackElo "1263"]
[WhiteFideId "822027"]
[BlackFideId "30948550"]
[EventDate "2018.12.09"]

1. d4 d5 2. c4 c6 3. Nf3 e6 4. e3 Bd6 5. b3 Nf6 6. Bb2 O-O 7. Nbd2 Bb4 8. Bd3
Ne4 9. O-O Bxd2 10. Nxd2 f5 11. f3 Nd6 12. e4 Qe7 13. Re1 b6 14. Ba3 Nd7 15. e5
Nxe5 16. dxe5 c5 17. exd6 Qxd6 18. cxd5 exd5 19. Bb2 Bd7 20. Qe2 Rae8 21. Qf2
Rb8 22. Be5 Qc6 23. Qg3 Qg6 24. Bxb8 Qxg3 25. Bxg3 b5 26. Re2 Rd8 27. Bc7 1-0

[Event "London Classic Open 2018"]
[Site "London ENG"]
[Date "2018.12.15"]
[Round "7.1"]
[White "Gumularz, Szymon"]
[Black "Pert, Nicholas"]
[Result "1/2-1/2"]
[WhiteTitle "IM"]
[BlackTitle "GM"]
[WhiteElo "2462"]
[BlackElo "2546"]
[WhiteFideId "1188062"]
[BlackFideId "403989"]
[EventDate "2018.12.09"]

1. d4 d5 2. c4 c6 3. cxd5 cxd5 4. Bg5 f6 5. Bd2 Nc6 6. e3 e5 7. Nc3 Be6 8. Bb5
Bd6 9. Bxc6+ bxc6 10. Na4 Ne7 11. Rc1 Rb8 12. Ne2 O-O 13. h3 Qe8 14. O-O e4 15.
f4 exf3 16. Rxf3 Bf5 17. b3 Ba3 18. Rc3 Bb4 19. Rc1 Ba3 20. Rc3 Be4 21. Rf2 Bb4
22. Rc1 Ba3 23. Rc3 Nf5 24. Qf1 Nd6 25. Ng3 Bg6 26. Qa6 Bb4 27. Qxc6 Bxc3 28.
Qxc3 Qf7 29. Nc5 h5 30. Rf4 Bh7 31. Qa5 g5 32. Rf1 h4 33. Ne2 Ne4 34. Bb4 Nxc5
35. dxc5 Qe7 36. Rf2 Rf7 37. Bc3 Qxe3 38. Bd4 Qe6 39. Qd2 a6 40. b4 Be4 41. a4
Kh7 42. Bb2 Qc6 43. Qd4 Rg8 44. Nc3 g4 45. Rf4 f5 46. hxg4 Qg6 47. Qf2 Rgf8 48.
Qxh4+ Qh6 49. gxf5 Rxf5 50. Qxh6+ Kxh6 51. Rxf5 Bxf5 52. Nxd5 Bd7 53. Nc7 Bxa4
54. Nxa6 Bc6 55. Be5 Re8 56. Bf4+ Kh5 57. Nb8 Kg4 58. Bd6 Bd5 59. Kf2 Bc4 60.
Nd7 Re2+ 61. Kg1 Bb5 62. Ne5+ Kf5 63. Nf3 Re4 64. c6 1/2-1/2

[Event "London Classic Open 2018"]
[Site "London ENG"]
[Date "2018.12.15"]
[Round "7.2"]
[White "Ghasi, Ameet K"]
[Black "Yuffa, Daniil"]
[Result "1/2-1/2"]
[WhiteTitle "IM"]
[BlackTitle "GM"]
[WhiteElo "2498"]
[BlackElo "2572"]
[WhiteFideId "409200"]
[BlackFideId "24131423"]
[EventDate "2018.12.09"]

1. Nf3 c5 2. g3 g6 3. c3 Bg7 4. d4 b6 5. Bg2 Bb7 6. O-O Nf6 7. Qb3 cxd4 8. Ne5
d5 9. cxd4 O-O 10. Nc3 Nc6 11. Nxc6 Bxc6 12. Bf4 Qd7 13. Be5 e6 14. Rfc1 Rfc8
15. e3 Ne8 16. Bxg7 Kxg7 17. Qd1 Nd6 18. Rc2 Rc7 19. Rac1 Rac8 20. Ne2 a5 21.
Nf4 Bb5 22. Bf1 Bxf1 23. Kxf1 Qb5+ 24. Kg2 Rxc2 25. Rxc2 Rxc2 26. Qxc2 Qc4 27.
Qb1 Ne4 28. f3 g5 29. b3 Qc3 30. Nxe6+ fxe6 31. fxe4 Qd2+ 32. Kf3 Qxh2 33. exd5
Qh5+ 34. g4 Qh3+ 35. Kf2 Qh2+ 36. Kf3 Qh3+ 37. Kf2 Qxg4 38. dxe6 Qxe6 39. Qh1
Kg6 40. Qf3 g4 41. Qf4 Qf5 42. Kg3 h5 43. Qxf5+ Kxf5 44. d5 Ke5 45. e4 b5 46. a3
b4 47. a4 Kd6 48. Kf4 Kc5 49. Kg3 Kd6 50. Kf4 1/2-1/2